| 000 | 00778nam a22001935i 4500 | ||
|---|---|---|---|
| 001 | 54872 | ||
| 003 | ES-MaACL | ||
| 005 | 20230906163035.0 | ||
| 007 | t| | ||
| 008 | 980504s1878 sp ||||1| spa d | ||
| 040 |
_aCAM _bspa _cCAM |
||
| 100 | 1 |
_aGamayo, Angel. _9140009 |
|
| 245 | 1 | 3 |
_aLa flor de lis _b: crónica histórica de los doce Alfonsos de Castilla y de León y de las augustas reinas católicas que compartieron con cada uno de estos reyes el tálamo y el trono de la monarquía española ... / _cescrita por Angel Gamayo y Catalán. |
| 260 |
_aMadrid : _b[s.n.], _c1878 ( _fimprenta de Antonio Perez Dubrull) |
||
| 300 |
_a96 p. ; _c23 cm. |
||
| 650 | 4 |
_aReinas- _zEspaña. _9136818 |
|
| 651 | 4 |
_aEspaña- _xReyes y soberanos. _98492 |
|
| 852 |
_aES-MaACL _jT-926-F-4 |
||
| 999 |
_c54872 _d54872 |
||